000 01121cab a2200301 4500
001 ABS46355
008 090401t1992 xxu||||| |||| 00| 0 eng d
035 _a(Sirsi) u57936
041 _aeng
100 _aChandler, R.
245 2 _aA low-cost method of assessing clay desiccation for low-rise buildings
260 _c1992
350 _a0
490 _aProceedings of the Institution of Civil Engineers
_v92(2) May 1992, 82-89(8)
520 _aDescribes the filter paper method to assess desiccated ground conditions in clay soil. Provides four case histories of house foundation movement in South-east England and the results of filter paper tests.
650 _aCLAY DESICCATION
650 _aCLAY SOIL
650 _aDESICCATION
650 _aFILTER PAPER TEST
650 _aBUILT ENVIRONMENT-BUILDING ELEMENTS-COMPLETE BUILDING ELEMENTS-FOUNDATIONS
650 _aGROUND CONDITIONS
690 _aBUILDING AND CONSTRUCTION-DEFECTS AND FAILURES
690 _aBUILT ENVIRONMENT-BUILDING INSPECTION
700 _aCrilly, M.
700 _aMontgomery-Smith, G.
942 _n0
948 _c04/03/1997
999 _c35363
_d35363